Power generation, operation, and control (Record no. 12533)
[ view plain ]
| 000 -LEADER | |
|---|---|
| fixed length control field | 00463nam a22001697a 4500 |
| 020 ## - INTERNATIONAL STANDARD BOOK NUMBER | |
| International Standard Book Number | 9788126508389 |
| 082 ## - DEWEY DECIMAL CLASSIFICATION NUMBER | |
| Classification number | 621.31 WOO |
| 100 ## - MAIN ENTRY--PERSONAL NAME | |
| Personal name | Wood, Allen J. |
| 245 ## - TITLE STATEMENT | |
| Title | Power generation, operation, and control |
| 250 ## - EDITION STATEMENT | |
| Edition statement | 2nd ed. |
| 260 ## - PUBLICATION, DISTRIBUTION, ETC. | |
| Place of publication, distribution, etc. | New Delhi, India |
| Name of publisher, distributor, etc. | Wiley |
| Date of publication, distribution, etc. | 2005 |
| 300 ## - PHYSICAL DESCRIPTION | |
| Extent | xv, 569 p. |
| Other physical details | ill. ; |
| 500 ## - GENERAL NOTE | |
| General note | Includes bibliographical references and index. |
| 650 ## - SUBJECT ADDED ENTRY--TOPICAL TERM | |
| Topical term or geographic name entry element | Electric power systems. |
| 700 ## - ADDED ENTRY--PERSONAL NAME | |
| Personal name | Wollenberg, Bruce F. |
| 942 ## - ADDED ENTRY ELEMENTS (KOHA) | |
| Koha item type | Book |
| Withdrawn status | Lost status | Damaged status | Not for loan | Collection code | Permanent Location | Current Location | Shelving location | Date acquired | Source of acquisition | Cost, normal purchase price | Total Checkouts | Total Renewals | Full call number | Barcode | Date last seen | Date last checked out | Price effective from | Koha item type |
|---|---|---|---|---|---|---|---|---|---|---|---|---|---|---|---|---|---|---|
| Central Library (CL) | Central Library (CL) | General Stacks | 12/27/2013 | Multi-Line Books | 922.58 | 6 | 5 | 621.31 WOO | SEECS012884 | 03/18/2021 | 11/02/2020 | 01/06/2014 | Book | |||||
| Central Library (CL) | Central Library (CL) | General Stacks | 04/14/2016 | Allied Book Company | 985.86 | 3 | 621.31 WOO | SEECS013438 | 03/09/2021 | 10/22/2020 | 04/12/2016 | Book | ||||||
| Central Library (CL) | Central Library (CL) | General Stacks | 06/01/2016 | Donation | 1 | 4 | 621.31 WOO | SEECSD01307 | 03/18/2021 | 11/04/2020 | 06/01/2016 | Book |
